Statistics for Top Ten busiest airports in Asia

Click here to take the quiz!

General Stats

  • This quiz has been taken 56 times
  • The average score is 9 of 10

Answer Stats

HintAnswer% Correct
90,203,000Beijing Capital
100%
75,300,000Tokyo Haneda
100%
59,700,000Shanghai Pudong International
94%
78,014,838Dubai International
91%
49,281,220Seoul Incheon
91%
55,448,964Singapore Changi
91%
52,918,785Bangkok Suvarnabhumi
89%
68,488,000Hong Kong International
89%
57,000,000Jakarta Soekarno - Hatto International
87%
55,200,000Guangzhou Baiyun
83%

Score Distribution

Percentile by Number Answered

Percent of People with Each Score

Your Score History

You have not taken this quiz